000 00234nam a2200097Ia 4500
008 120527s9999 xx 000 0 und d
100 _aSTROUD,K.A.
245 _aEngineering Mathematics. 5th edition.
260 _bPalgrave
942 _cBK
999 _c24178
_d24178